000 00729nam a2200181Ia 4500
008 090123s9999 xx 000 0 und d
082 _b3761
_a891.463/काकोड
100 _aकाकोडकर चंद्रकांत कल्याणदास
245 _aवीस वर्षानंतर
250 _a1
260 _bरम्चकथा ग्रंथमाला
_c1974
300 _a138
600 _aकाकोडकर चंद्रकांत कल्याणदास
630 _aवीस वर्षानंतर
700 _aकाकोडकर चंद्रकांत कल्याणदास
730 _aवीस वर्षानंतर
942 _cBOOK
999 _c41840
_d41840